000 00364pab a2200157 454500
008 180718b2000 xxu||||| |||| 00| 0 eng d
100 _aSen, Sankar
245 _aPolice accountability and civilian oversight
260 _c2000
300 _ap.5-8
362 _aOct
650 _aAccountability
650 _aPolice
773 _aCBI Bulletin
909 _a47378
999 _c47378
_d47378